| 000 | 00607nam a2200217Ia 4500 | ||
|---|---|---|---|
| 003 | OSt | ||
| 005 | 20221002054712.0 | ||
| 006 | a|||||r|||| 00| 0 | ||
| 007 | ta | ||
| 008 | 220930b |||||||| |||| 00| 0 eng d | ||
| 024 | _a70061 | ||
| 037 | _cReference Collections | ||
| 040 |
_aCRL _cCRL _beng |
||
| 041 |
_2eng _aeng |
||
| 082 | _a22.2k, M6(RR) | ||
| 100 |
_aBarua B.P. Au. _9576126 |
||
| 245 | 0 | _aDirectory of indian public libraries | |
| 260 |
_aCalcutta _bNaya Prokash India _c1986 |
||
| 942 |
_h22.2k, M6(RR) _cref _2CC |
||
| 999 |
_c925591 _d925591 |
||